000 00578nam a2200217 a 4500
999 _c4031
_d4031
001 4031
003 BD-JhCC
005 20171122193934.0
008 171121s1964 ||||| |||| 00| 0 eng d
035 _a(BD-JhCC)
040 _aBD-JhCC
_dBD-JhCC
041 _aeng
082 _a823.914
_bSHO 1964
245 _aShort Stories Retold /
_cedited by H. A. Treble
260 _aLondon :
_bOxford University press,
_c1964
300 _a70 p. :
_c20cm.
490 _aTales Retold for easy Reading First Series
650 _aShort Stories
700 _aH. A. Treble
942 _2ddc
_cBK